| 000 | 00357nam a2200145Ia 4500 | ||
|---|---|---|---|
| 008 | 240624s9999 xx 000 0 und d | ||
| 041 | _aeng | ||
| 082 | _a344.01 SAI | ||
| 100 | _aSAIYED I A | ||
| 245 | _aLABOUR LAW | ||
| 250 | _a(2nd ed.) | ||
| 260 |
_c2001 _aMumbai _bHimalaya Publishing House |
||
| 300 | _axliii, : 767 : p. : cm. ; 21 | ||
| 365 |
_cRS _b25 |
||
| 999 |
_c9563 _d9563 |
||